Seis panorámicas de los más importantes poblados y distritos mineros del altiplano de México (Record no. 4038)

MARC details
000 -CABECERA
campo de control de longitud fija 01185nam a2200277 a 4500
001 - NÚMERO DE CONTROL
campo de control BRCA_4327
005 - FECHA Y HORA DE LA ÚLTIMA TRANSACCIÓN
campo de control 20190320204629.0
008 - DATOS DE LONGITUD FIJA--INFORMACIÓN GENERAL
campo de control de longitud fija 250610r18291990mx-ah#####---#000-0#spa-#
020 ## - NÚMERO INTERNACIONAL ESTÁNDAR DEL LIBRO
Número Internacional Estándar del Libro 9686120076
041 ## - CÓDIGO DE LENGUA
Código de lengua del texto/banda sonora o título independiente spa
044 ## - CÓDIGO DEL PAÍS DE LA ENTIDAD EDITORA/PRODUCTORA
Código MARC del país mx
050 #4 - SIGNATURA TOPOGRÁFICA DE LA BIBLIOTECA DEL CONGRESO
Número de clasificación TN28
Número de documento/Ítem .S45 1990
245 10 - MENCIÓN DE TÍTULO
Título Seis panorámicas de los más importantes poblados y distritos mineros del altiplano de México
Resto del título dibujadas por la Sra. H. G. Ward y grabadas por el Sr. Pye con datos estadísticos de población
Mención de responsabilidad, etc. traducción y comentario de Elena Horz de Vía.
260 ## - PUBLICACIÓN, DISTRIBUCIÓN, ETC.
Lugar de publicación, distribución, etc. México
Nombre del editor, distribuidor, etc. Banco de México
Fecha de publicación, distribución, etc. 1990
300 ## - DESCRIPCIÓN FÍSICA
Extensión 1 v. (sin paginación)
Otras características físicas il.
Dimensiones 36 cm.
Material acompañante/anejo 1 portafolio con 6 láminas
500 ## - NOTA GENERAL
Nota general Facsímil de: Six Views of the Most Important Towns, and Mining Districts, Upon the Table Land of Mexico. Londres: Henry Colburn, 1829
500 ## - NOTA GENERAL
Nota general Título en cubierta: Panorámicas de México
500 ## - NOTA GENERAL
Nota general Por su formato NO se presta a domicilio
650 14 - PUNTO DE ACCESO ADICIONAL DE MATERIA--TÉRMINO DE MATERIA
Término de materia o nombre geográfico como elemento de entrada Minas
Subdivisión cronológica Siglo XIX
Subdivisión geográfica México
9 (RLIN) 11092
651 #4 - PUNTO DE ACCESO ADICIONAL DE MATERIA--NOMBRE GEOGRÁFICO
Nombre geográfico México
Subdivisión general Descripción y viajes
9 (RLIN) 103
653 0# - TÉRMINO DE INDIZACIÓN--NO CONTROLADO
Término no controlado Viajeros extranjeros en México
700 1# - PUNTO DE ACCESO ADICIONAL--NOMBRE DE PERSONA
Nombre de persona Ward, H. G.
9 (RLIN) 11093
700 1# - PUNTO DE ACCESO ADICIONAL--NOMBRE DE PERSONA
Nombre de persona Pye
9 (RLIN) 11094
700 1# - PUNTO DE ACCESO ADICIONAL--NOMBRE DE PERSONA
Nombre de persona Horz de Via, Elena
9 (RLIN) 499
942 ## - ELEMENTOS DE PUNTO DE ACCESO ADICIONAL (KOHA)
Fuente del sistema de clasificación o colocación Library of Congress Classification
Tipo de ítem Koha Libros
Holdings
Estado de retiro Estado de pérdida Estado dañado No para préstamo Localización permanente Ubicación/localización actual Fecha de adquisición Total de préstamos Signatura topográfica completa Código de barras Fecha visto por última vez Precio válido a partir de Tipo de ítem Koha
El ejemplar forma parte de la colección y puede ser consultado según las políticas vigentes.       Biblioteca del Museo Franz Mayer (Rogerio Casas-Alatriste) Biblioteca del Museo Franz Mayer (Rogerio Casas-Alatriste) 25/06/2010   TN28 .S45 1990 00616 22/03/2019 22/03/2019 Libros